书目信息 |
| 题名: |
水泥生产的质量控制与管理指南
|
|
| 作者: | 丁志华 , 李恭宪 编著 | |
| 分册: | ||
| 出版信息: | 武汉 武汉工业大学出版社 1996.11 |
|
| 页数: | 277页 | |
| 开本: | 26cm | |
| 丛书名: | ||
| 单 册: | ||
| 中图分类: | TQ172.6-62 | |
| 科图分类: | ||
| 主题词: | 水泥--化学工业 | |
| 电子资源: | ||
| ISBN: | 7-5629-1175-4 | |
| 000 | 00672nam0 2200205 45 | |
| 001 | 8033667889 | |
| 005 | 1980022409210756 | |
| 010 | @a7-5629-1175-4@dRMB 20.00 | |
| 100 | @a19800224d1996 km y0chiy0120 ea | |
| 101 | 0 | @achi |
| 102 | @aCN@b420000 | |
| 200 | 1 | @a水泥生产的质量控制与管理指南@Ashui ni sheng chan de zhi liang kong zhi yu guan li zhi nan@f丁志华,李恭宪编著@Fding zhi hua,li gong xian bian zhu |
| 210 | @a武汉@c武汉工业大学出版社@d1996.11 | |
| 215 | @a277页@d26cm | |
| 606 | 0 | @a水泥@x化学工业 |
| 690 | @aTQ172.6-62@v3 | |
| 701 | 0 | @a丁志华@Ading zhi hua@4编著 |
| 701 | 0 | @a李恭宪@Ali gong xian@4编著 |
| 801 | 0 | @aCN@bPFT@c19800224 |
| 905 | @dTQ172.6-62@eD600 | |
| 水泥生产的质量控制与管理指南/丁志华,李恭宪编著.-武汉:武汉工业大学出版社,1996.11 |
| 277页;26cm |
| ISBN 7-5629-1175-4:RMB 20.00 |
| ● |
| 相关链接 |
|
|
|
正题名:水泥生产的质量控制与管理指南
索取号:TQ172.6-62/D600
 
预约/预借
| 序号 | 登录号 | 条形码 | 馆藏地/架位号 | 状态 | 备注 |
| 1 | 362390 | 203623908 | 自科库501/501自科库 139排8列5层/ [索取号:TQ172.6-62/D600] | 在馆 | |
| 2 | 362391 | 203623917 | 期刊室512/501自科库 139排8列5层/ [索取号:TQ172.6-62/D600] | 在馆 | |
| 3 | 362392 | 203623926 | 自科库501/501自科库 139排8列5层/ [索取号:TQ172.6-62/D600] | 在馆 | |
| 4 | 362393 | 203623935 | 期刊室512/501自科库 139排8列5层/ [索取号:TQ172.6-62/D600] | 在馆 | |
| 5 | 362394 | 203623944 | 期刊室512/501自科库 139排8列5层/ [索取号:TQ172.6-62/D600] | 在馆 |